American Renaissance : (Record no. 5152)

MARC details
000 -LEADER
fixed length control field 00584cam a2200193ua 4500
001 - CONTROL NUMBER
control field 6003
005 - DATE AND TIME OF LATEST TRANSACTION
control field 20260515113951.0
008 - FIXED-LENGTH DATA ELEMENTS--GENERAL INFORMATION
fixed length control field 131030n ii |||gr||||Z||||||eng
040 ## - CATALOGING SOURCE
Transcribing agency MAIN
082 ## - DEWEY DECIMAL CLASSIFICATION NUMBER
Classification number 973
100 ## - MAIN ENTRY--PERSONAL NAME
Personal name Matthiessen,
Relator term Author.
245 ## - TITLE STATEMENT
Title American Renaissance :
Remainder of title Art and Expression in the Age of Emerson and whitman /
Statement of responsibility, etc. by F.O. Matthiessen .
260 ## - PUBLICATION, DISTRIBUTION, ETC.
Place of publication, distribution, etc. Delhi:
Name of publisher, distributor, etc. Oxford University Press,
Date of publication, distribution, etc. 1973.
300 ## - PHYSICAL DESCRIPTION
Extent 663p.
653 ## - INDEX TERM--UNCONTROLLED
Uncontrolled term United States
653 ## - INDEX TERM--UNCONTROLLED
Uncontrolled term American Renaissance
653 ## - INDEX TERM--UNCONTROLLED
Uncontrolled term Art and Expression in the Age of Emerson and Whitman
942 ## - ADDED ENTRY ELEMENTS (KOHA)
Koha item type Books
Holdings
Withdrawn status Lost status Damaged status Not for loan Home library Current library Shelving location Date acquired Total checkouts Full call number Barcode Date last seen Copy number Price effective from Koha item type
        Naharkatiya College Library Naharkatiya College Library General stacks 09/19/2020   973 | MAT 3463 09/19/2020 1 09/19/2020 Books
        Naharkatiya College Library Naharkatiya College Library General stacks 09/19/2020   973 | MAT 3464 09/19/2020 2 09/19/2020 Books